Statistics for First Names of Football Players #1

Click here to take the quiz!

General Stats

  • This quiz has been taken 107 times
  • The average score is 16 of 20

Answer Stats

SurnameFirst Name% Correct
RonaldoCristiano
99%
MessiLionel
99%
De BruyneKevin
94%
SuárezLuis
94%
ModrićLuka
94%
BenzemaKarim
92%
BaleGareth
88%
LewandowskiRobert
87%
HaalandErling
85%
MbappéKylian
85%
Van DijkVirgil
85%
RashfordMarcus
84%
ManeSadio
84%
De GeaDavid
82%
Alexander-ArnoldTrent
79%
FernandesBruno
76%
FatiAnsu
69%
RodriguezJames
67%
KvaratskheliaKhvicha
26%
VrsaljkoSime
23%

Score Distribution

Percentile by Number Answered

Percent of People with Each Score

Your Score History

You have not taken this quiz